000
00281nam a22001337a 4500
008
170620b xxu||||| |||| 00| 0 eng d
020
_a
9781568029337
041
_a
eng
080
_2
4TH
_a
324
100
_a
20
101
_a
SHP
245
_a
AIR WARS
_c
WEST.D.M
942
_2
udc
_c
BK
999
_c
18232
_d
18232